<?xml version="1.0" encoding="UTF-8"?>
<record
    xmlns:xsi="http://www.w3.org/2001/XMLSchema-instance"
    xsi:schemaLocation="http://www.loc.gov/MARC21/slim http://www.loc.gov/standards/marcxml/schema/MARC21slim.xsd"
    xmlns="http://www.loc.gov/MARC21/slim">

  <leader>00889naa a2200217 a 4500</leader>
  <controlfield tag="001">82721</controlfield>
  <controlfield tag="003">BD-RjUL</controlfield>
  <controlfield tag="005">20240122125905.0</controlfield>
  <controlfield tag="008">240122s1354    ir ||||| |||| 00| p p   d</controlfield>
  <datafield tag="035" ind1=" " ind2=" ">
    <subfield code="a">(BD-RjUL)82721</subfield>
  </datafield>
  <datafield tag="040" ind1=" " ind2=" ">
    <subfield code="a">BD-RjUL</subfield>
    <subfield code="b">eng</subfield>
    <subfield code="c">BD-RjUL</subfield>
  </datafield>
  <datafield tag="041" ind1=" " ind2=" ">
    <subfield code="a">per</subfield>
  </datafield>
  <datafield tag="082" ind1=" " ind2=" ">
    <subfield code="2">23</subfield>
    <subfield code="a">891.551</subfield>
    <subfield code="b">FAQ 1354</subfield>
  </datafield>
  <datafield tag="100" ind1=" " ind2=" ">
    <subfield code="a">&#x641;&#x631;&#x62E;&#x649;&#x60C; &#x639;&#x644;&#x649; &#x628;&#x646; &#x62C;&#x648;&#x644;&#x648;&#x63A;&#x60C;, ;; Farkhi, Ali bin Julug,</subfield>
    <subfield code="d"> 1037 &#x649;&#x627; 1038</subfield>
    <subfield code="9">11018</subfield>
  </datafield>
  <datafield tag="245" ind1=" " ind2=" ">
    <subfield code="a"> &#x642;&#x635;&#x627;&#x626;&#x62F; &#x62D;&#x6A9;&#x649;&#x645; &#x641;&#x631;&#x62E;&#x649; &#x633;&#x649;&#x633;&#x62A;&#x627;&#x646;&#x649;  : / Qa&#x1E63;&#x101;&#x2BC;id-i &#x1E24;ak&#x12B;m Farrukh&#x12B; S&#x12B;st&#x101;n&#x12B;  /</subfield>
    <subfield code="c">Al&#x12B; ibn J&#x16B;l&#x16B;gh Farrukh&#x12B; ; sayid muhammad Mahmud Shadani &#x639;&#x644;&#x649; &#x628;&#x646; &#x63A;&#x648;&#x644;&#x648;&#x63A; &#x641;&#x631;&#x62E;&#x649; ; &#x633;&#x64A;&#x62F; &#x645;&#x62D;&#x645;&#x62F; &#x645;&#x62D;&#x645;&#x648;&#x62F; &#x634;&#x639;&#x62F;&#x627;&#x646;&#x64A;;; </subfield>
  </datafield>
  <datafield tag="260" ind1=" " ind2=" ">
    <subfield code="a">Lahore :</subfield>
    <subfield code="b">Saikh mubarak Ali,</subfield>
    <subfield code="c">1354</subfield>
  </datafield>
  <datafield tag="300" ind1=" " ind2=" ">
    <subfield code="a">163 p.;</subfield>
    <subfield code="c">23 cm</subfield>
  </datafield>
  <datafield tag="650" ind1=" " ind2=" ">
    <subfield code="a">Persian Poetry</subfield>
  </datafield>
  <datafield tag="700" ind1=" " ind2=" ">
    <subfield code="a">&#x634;&#x639;&#x62F;&#x627;&#x646;&#x64A;, &#x633;&#x64A;&#x62F; &#x645;&#x62D;&#x645;&#x62F; &#x645;&#x62D;&#x645;&#x648;&#x62F; Shadani, Sayid Muhammad Mahmoud</subfield>
    <subfield code="9">11019</subfield>
  </datafield>
  <datafield tag="942" ind1=" " ind2=" ">
    <subfield code="2">ddc</subfield>
    <subfield code="c">BK</subfield>
  </datafield>
  <datafield tag="999" ind1=" " ind2=" ">
    <subfield code="c">82721</subfield>
    <subfield code="d">82721</subfield>
  </datafield>
  <datafield tag="952" ind1=" " ind2=" ">
    <subfield code="0">0</subfield>
    <subfield code="1">0</subfield>
    <subfield code="2">ddc</subfield>
    <subfield code="4">0</subfield>
    <subfield code="7">1</subfield>
    <subfield code="8">NFIC</subfield>
    <subfield code="a">RUCL</subfield>
    <subfield code="b">RUCL</subfield>
    <subfield code="c">Reading</subfield>
    <subfield code="d">1967-05-09</subfield>
    <subfield code="e">S.H. Mubarak Ali</subfield>
    <subfield code="g">2.50</subfield>
    <subfield code="l">0</subfield>
    <subfield code="o">F 891.551 FAQ 13</subfield>
    <subfield code="r">2024-01-22 00:00:00</subfield>
    <subfield code="t">C-1</subfield>
    <subfield code="w">2024-01-22</subfield>
    <subfield code="y">BK</subfield>
  </datafield>
</record>
